000 00205 a2200097 4500
001 29304
100 _aModoodi
245 _aRasail-o-Masail (Vol-II)
260 _a
_bPak Islamia
_c
090 _c19521
_d19521
942 _aNUST-CAE
_cM
_c10582
999 _c264377
_d264377